000 00359cam a22001217a 4500
008 180718b1961 xxu||||| |||| 00| 0 eng d
082 _aB11x4 W675
100 _aWilliams, Raymond
245 _aLong revolution
_cby Williams Raymond
260 _aLondon
_bChatto & Windus
_c1961
300 _axiv, 369p
650 _aGreat Britain -Intellectual life -20th century.
999 _c417214
_d417214